000 00475nam a22001697a 4500
005 20221215151144.0
008 221215b ||||| |||| 00| 0 eng d
040 _cAL
041 _aEnglish
082 _223
_a305.4
_bZIAM
100 _aShehla Zia
_966210
245 _aMuslim Family laws and their implementation in Pakistan
260 _aIslamabad
_bCabinet Secretariat Government of Pakistan
300 _a7 p.
_bPB
700 _aZIA (Shehla)
_966211
942 _2ddc
_cGF
999 _c225806
_d225806